| 000 | 01893cam a22004214a 4500 | ||
|---|---|---|---|
| 001 | 13981288 | ||
| 003 | ARRUPE | ||
| 005 | 20221130091332.0 | ||
| 008 | 050525s2006 nyu b 001 0 eng | ||
| 010 | _a 2005050238 | ||
| 015 |
_aGBA619947 _2bnb |
||
| 016 | 7 |
_a013392508 _2Uk |
|
| 020 | _a0195304586 (hard : alk. paper) | ||
| 020 | _a0195165705 (pbk. : alk. paper) | ||
| 020 | _a9780195304589 | ||
| 020 | _a9780195165708 | ||
| 028 | _bArrupe | ||
| 035 | _a(OCoLC)ocm60590186 | ||
| 040 |
_aDLC _cDLC _dOCLCQ _dBAKER _dC#P _dUKM _dCOO _dVVC _dDLC |
||
| 042 | _apcc | ||
| 050 | 0 | 0 |
_aBL41 _b.P36 2006 |
| 082 | 0 | 0 |
_a200/.7 _222 |
| 100 | 1 |
_aPals, Daniel L. _952120 |
|
| 245 | 1 | 0 |
_aEight theories of religion / _cDaniel L. Pals. |
| 250 | _a2nd ed. | ||
| 260 |
_aNew York : _bOxford University Press, _c2006. |
||
| 300 |
_axi, 340 p. ; _c21 cm. |
||
| 500 | _aRev. ed. of: Seven theories of religion. | ||
| 504 | _aIncludes bibliographical references and index. | ||
| 505 | 0 | _aAnimism and magic / E. B. Tylor and J. G. Frazer -- Religion and personality / Sigmund Freud -- Society as sacred / Émile Durkheim -- Religion as alienation / Karl Marx -- A source of social action / Max Weber -- The reality of the sacred / Mircea Eliade -- Society's "construct of the heart" / E. E. Evans-Pritchard -- Religion as cultural system / Clifford Geertz. | |
| 650 | 0 |
_aReligion _xStudy and teaching _xHistory. _929282 |
|
| 700 | 1 |
_aPals, Daniel L. _tSeven theories of religion. _952121 |
|
| 856 | 4 | 2 |
_3Publisher description _uhttp://www.loc.gov/catdir/enhancements/fy0640/2005050238-d.html |
| 856 | 4 | 1 |
_3Table of contents only _uhttp://www.loc.gov/catdir/enhancements/fy0640/2005050238-t.html |
| 906 |
_a7 _bcbc _corignew _d1 _eocip _f20 _gy-gencatlg |
||
| 942 |
_2lcc _cMONOGRAPH |
||
| 999 |
_c131608 _d131608 |
||